Welcome to CU Library Online Public Access Catalogue (OPAC)

The quality revolution : (Record no. 4747)

MARC details
000 -LEADER
fixed length control field 00720cam a2200217 a 4500
001 - CONTROL NUMBER
control field 1622181
005 - DATE AND TIME OF LATEST TRANSACTION
control field 20250313111043.0
008 - FIXED-LENGTH DATA ELEMENTS--GENERAL INFORMATION
fixed length control field 950405r19941995enka b 000 0 eng
020 ## - INTERNATIONAL STANDARD BOOK NUMBER
International Standard Book Number 1852511133
050 00 - LIBRARY OF CONGRESS CALL NUMBER
Classification number HD62.15
Item number .S626 1994
082 00 - DEWEY DECIMAL CLASSIFICATION NUMBER
Classification number 658.5/62
Edition information 21
100 1# - MAIN ENTRY--PERSONAL NAME
Personal name Smith, Steve
Fuller form of name (W. Steve)
245 14 - TITLE STATEMENT
Title The quality revolution :
Remainder of title best practice from the world's leading companies /
Statement of responsibility, etc. Steve Smith.
260 ## - PUBLICATION, DISTRIBUTION, ETC.
Place of publication, distribution, etc. Oxford :
Name of publisher, distributor, etc. Management Books 2000,
Date of publication, distribution, etc. 1994.
300 ## - PHYSICAL DESCRIPTION
Extent 388 p. :
Other physical details ill. ;
Dimensions 24 cm.
650 #0 - SUBJECT ADDED ENTRY--TOPICAL TERM
Topical term or geographic name entry element Total quality management.
650 #0 - SUBJECT ADDED ENTRY--TOPICAL TERM
Topical term or geographic name entry element Quality control.
650 #0 - SUBJECT ADDED ENTRY--TOPICAL TERM
Topical term or geographic name entry element Consumer satisfacton.
856 7# - ELECTRONIC LOCATION AND ACCESS
Materials specified Table of contents
Uniform Resource Identifier <a href="http://lcweb.loc.gov/catdir/toc/95-136654.html">http://lcweb.loc.gov/catdir/toc/95-136654.html</a>
Access method http
942 ## - ADDED ENTRY ELEMENTS (KOHA)
Source of classification or shelving scheme Library of Congress Classification
Koha item type Books
Suppress in OPAC No
999 ## -
-- 4747
-- 4747
Holdings
Withdrawn status Lost status Source of classification or shelving scheme Damaged status Not for loan Collection Home library Current library Date acquired Total checkouts Full call number Barcode Date last seen Copy number Price effective from Koha item type
    Library of Congress Classification     Non-fiction Undergraduate Library (Christ Temple) Undergraduate Library (Christ Temple) 03/13/2025   HD62.15 SMI ulct00001694 03/13/2025 1 03/13/2025 Books
© 2023-2024 Copyright: Central University Libraries. All Rights Reserved | Created by: Mahone Tech Office